Československá socialistická federace.

Uložené v:
Podrobná bibliografia
Hlavný autor: Chovanec, Jaroslav
Médium: Kniha
Jazyk:Slovak
Vydané: 1984.
Fyzický popis: 331 s.
Tagy: Pridať tag
Žiadne tagy, Buďte prvý kto otaguje tento záznam!

MARC

LEADER 00000nam a22000004a 4500
001 000574021
005 20180302121357.0
008 180302s1984 xo e 000 0 slo d
040 |a SVKKK  |b slo  |c SVKKK  |e AACR2 
100 1 |a Chovanec, Jaroslav 
245 1 0 |a Československá socialistická federace. 
260 |c 1984. 
300 |a 331 s. 
500 |a Záznam revízie 
910 |a svkkk 
998 |a BK 
090 |g SCKHL  |k Sklad Hlavná 10 suterén  |a I.55885  |j 704983  |i 2720802796  |s Povinný výt.